000 00566nam a22001815i 4500
001 68612
003 ES-MaACL
005 20250805064133.0
007 t|
008 960812s1872 fr ||||1| fre d
040 _aCAM
_bspa
_cCAM
100 1 _aGautier, Théophile,
_d1811-1872
_9170960
245 1 0 _aThéatre
_b: mystére, comédies et ballets /
_cThéophile Gautier.
260 _aParis :
_bCharpentier et Cie.,
_c1872 (
_fimp. Simon Racon et Comp.)
300 _a[4], 492, [1] p. ;
_c18 cm.
852 _aES-MaACL
_jG-14472
999 _c68612
_d68612